000 00927nam a2200241 i 4500
001 169139
003 ES-MaACL
005 20250812062538.0
008 080819s1955 sp f |||| | spa d
080 _a327(4)
100 1 _aSmogorzewski, Casimir.
_9138204
245 1 0 _aPensamientos y esperanzas de la Europa cautiva /
_cCasimir Smogorzewski.
260 _aMadrid :
_bAteneo,
_c1955.
300 _a52 p. :
_b1 lám. ;
_c19 cm.
490 1 _aColección "O crece o muere" ;
_v98
594 _aEl original fue dado a conocer por el autor en el Ateneo de Madrid dentro del ciclo "Tendencias actuales del pensamiento europeo", el día 27 de abril de 1955.
610 2 4 _aAteneo de Madrid-
_vConferencias-
_y1940-1982.
_91908
650 4 _aRelaciones internacionales.
_916783
830 1 0 _aColección "O crece o muere"
_v98
_9183476
852 4 _aES-MaACL
_jJ-24(98)
852 4 _aES-MaACL
_jJ-25(98)
999 _c169139
_d169139